Statistics for Nickolodean Shows

Click here to take the quiz!

General Stats

  • This quiz has been taken 1,182 times
  • The average score is 4 of 8

Answer Stats

HintAnswer% Correct
Who lives in a pinapple under the sea?Spongebob Squarepants
96%
in 5,4,3,2!ICarly
70%
Com'n Vamanos!Dora the Explorer
62%
Kendall,James,Logan,CarlosBig Time Rush
58%
Here i am once againVictorious
55%
Fire,Earth,Water,AirAvatar:The Last Airbender
46%
Mom and Dad and Vicky always givin him commands!The fairly OddParents
33%
SIBUNAHouse of Anubis
15%

Score Distribution

Percentile by Number Answered

Percent of People with Each Score

Your Score History

You have not taken this quiz